000 00745nam a2200265Ia 4500
003 OSt
005 20220918164512.0
006 a|||||r|||| 00| 0
007 ta
008 220917b |||||||| |||| 00| 0 eng d
020 _a0631220542
024 _a218,267
037 _cTextual
040 _aARTS
_cARTS
_beng
041 _2eng
_aeng
082 _aO111973:g, P3
100 _aBradshaw David Ed.
_919226
245 0 _aConcise companion to modernism
260 _aMalden
_bBlackwell
_c2003
300 _axxiv, 280p
_ccm.
490 _aBlackwell concise companions to literature and culture
650 _aENGLISH LITERATURE
942 _hO111973:g, P3
_cTEXL
_2CC
999 _c125088
_d125088